| 000 | 00694pam a2200229 a 4500 | ||
|---|---|---|---|
| 001 | 3944278 | ||
| 005 | 20240206011525.0 | ||
| 008 | 931105s1994 enka b 001 0 eng | ||
| 020 | _a0415106575 | ||
| 020 | _a0415106583 (pbk.) | ||
| 040 |
_aDLC _cDLC _dDLC |
||
| 082 | 0 | 0 |
_a306. _220 _bSOC. |
| 245 | 0 | 0 |
_aSocial experience and anthropological knowledge / _cedited by Kirsten Hastrup and Peter Hervik. |
| 260 |
_aLondon ; _aNew York : _bRoutledge, _c1994. |
||
| 300 | _aix, 249 p. : | ||
| 650 | 0 | _aEthnology | |
| 650 | 0 | _aEthnology | |
| 700 | 1 |
_aHastrup, Kirsten. _eedt |
|
| 700 | 1 |
_aHervik, Peter, _eedt |
|
| 856 | 4 | 2 | _uhttp://www.loc.gov/catdir/enhancements/fy0648/93044330-d.html |
| 942 | _cL | ||
| 999 |
_c295 _d295 |
||